000 00667nam a22002177a 4500
001 BD-DhSAU 346
003 BD-DhSAU
005 20150106231305.0
008 150107b2000 ii ||||| |||| 001 0 eng d
020 _a8170336325
040 _cBD-DhSAU
_aBD-DhSAU
082 _222
_a338.1
_bRAA
100 _aRanjan, K. P.
_qKumar Priya Ranjan
245 _aAgricultural growth and economic stability :
_cK. P. Ranjan
_bcase study of North Bihar
260 _aNew Delhi :
_bRawat Publication,
_c2000
300 _aix, 195 p. :
_bill. ;
_c22 cm.
504 _aIncludes bibliography and index.
590 _aAnwar
650 _aEconomics
650 _aAgricultural Economics
942 _2ddc
_cBOOK
999 _c346
_d346